01267pab a2200193 454500008004000000100002000040245005300060260000900113300001500122362000800137520071800145650002600863700001800889773003000907908000600937909001000943999001700953952010300970180718b2008 xxu||||| |||| 00| 0 eng d aBerkel, Rik Van aThe governance of activation ( a review article) c2008 ap.393-402. aJul aThis article presents a review of relevant literature on the issue of governance of activation. The article starts with some general comments on the state of the art of research on the governance of activation. Putting governance into practice in new service provision models in the policy areas of activation and social policy, the review continues with a discussion of publications on some of the characteristics of these models: marketisation, decentralisation, inter-agency cooperation and individualisation of service provision. it also looks at literature on the implementation of activation, as this provides insight into governance issues from an organisational and street-level perspective. - Reproduced. aPublic administration aBorghi, Vando aSocial Policy and Society aN a78907 c78907d78907 00104070aIIPAbIIPAd2018-07-19hVolume no: 7, Issue no: 3pAR79367r2018-07-19w2018-07-19yAR